Rozsypanka literowa - imiona żeńskie - Statystyki

Ogólne statystyki
  • Ten quiz został rozwiązany 87 razy
  • Średni wynik to 16 z 20
Statystyki odpowiedzi
Imię % Poprawnych
Zofia
99%
Barbara
94%
Iwona
89%
Justyna
89%
Małgorzata
87%
Bożena
86%
Urszula
86%
Maria
84%
Martyna
84%
Magdalena
83%
Teresa
83%
Nadia
80%
Eliza
79%
Klaudia
79%
Monika
79%
Czesława
76%
Wioletta
74%
Kamila
73%
Nikola
66%
Kornelia
61%
Nie znaleziono quizów pasujących do podanych kryteriów
Rozkład punktacji
Procent ludzi z każdym wynikiem
Percentyl według liczby udzielonych odpowiedzi
Twoja historia wyników
Nie rozwiązałeś tego quizu